LIBRARY & INFORMATION CENTRE, KCAET, TAVANUR

ONLINE PUBLIC ACCESS CATALOGUE (OPAC)

Maximizing Machinery Uptime- Volume - 5: Practical Machinery Management for Process Plants (Record no. 14524)

MARC details
000 -LEADER
fixed length control field 00417nam a22001337a 4500
020 ## - INTERNATIONAL STANDARD BOOK NUMBER
ISBN 9780750677257
082 ## - DEWEY DECIMAL CLASSIFICATION NUMBER
Classification number 658.514
Item number BLO/MA
100 ## - MAIN ENTRY--AUTHOR NAME
Personal name Bloch,Heinz P.
100 ## - MAIN ENTRY--AUTHOR NAME
Personal name Geitner,Fred K.
245 ## - TITLE STATEMENT
Title Maximizing Machinery Uptime- Volume - 5: Practical Machinery Management for Process Plants
260 ## - PUBLICATION, DISTRIBUTION, ETC. (IMPRINT)
Place of publication New York
Name of publisher Gulf Publishung Press is an imprint of Elsevier
Year of publication 2006
300 ## - PHYSICAL DESCRIPTION
Number of Pages 661
942 ## - ADDED ENTRY ELEMENTS (KOHA)
Koha item type Books
Holdings
Withdrawn status Lost status Damaged status Collection code Home library Current library Shelving location Date acquired Source of acquisition Cost, normal purchase price Full call number Accession Number Koha item type
        KAUAET KAUAET General Stacks 14/07/2016 Arunima Book Distributors,TVPM 8646.00 658.514 BLO/MA 24830 Books
free website counter